| 000 -ლიდერი |
| ფიქსირებული სიგრძის საკონტროლო ველი |
01317nam a2200229Ia 4500 |
| 001 - საკონტროლო ნომერი |
| საკონტროლო ველი |
19576 |
| 003 - საკონტროლო ნომრის იდენტიფიკატორი |
| საკონტროლო ველი |
GE_BSU |
| 005 - ბოლო ოპერაციის თარიღი და დრო |
| საკონტროლო ველი |
20251117195737.0 |
| 008 - ფიქსირებული სიგრძის მონაცემთა ელემენტები - ზოგადი ინფორმაცია |
| ფიქსირებული სიგრძის საკონტროლო ველი |
181216s2005||||ge |||||||||||||| ||geo|| |
| 040 ## - კატალოგიზაციის წყარო |
| Transcribing agency |
GE_BSU |
| 041 ## - ენის კოდი |
| Language code of text/sound track or separate title |
geo |
| 080 ## - უნივერსალური ათობითი კლასიფიკაციის ინდექსი |
| Universal Decimal Classification number |
336.14(479.22) ს-36 |
| 245 ## - ცნობა სათაურის შესახებ |
| Title |
სახელმწიფო ბიუჯეტი და მისი მონიტორინგის მეთოდები: |
| Remainder of title |
გზამკვლევი / |
| Statement of responsibility, etc |
საქართველოს ახალგაზრდა ეკონომისტთა ასოციაცია. |
| 264 ## - წარმოების, გამოცემის, დისტრიბუციის და სხვა ცნობები |
| გამოცემის, წარმოების, დისტრიბუციის... ადგილი |
თბილისი, |
| გამოცემის, წარმოების, დისტრიბუციის... თარიღი |
2005. |
| 300 ## - ფიზიკური აღწერა |
| Extent |
36 გვ.; |
| Other physical details |
21 სმ. |
| 653 ## - INDEX TERM--UNCONTROLLED |
| Uncontrolled term |
ბიბლიოთეკარი |
| 653 ## - INDEX TERM--UNCONTROLLED |
| Uncontrolled term |
სახელმწიფო ბიუჯეტი და მისი მონიტორინგის მეთოდები: გზამკვლევი |
| 653 ## - INDEX TERM--UNCONTROLLED |
| Uncontrolled term |
საქართველოს საბიუჯეტო სისტემა |
| 710 ## - ADDED ENTRY--CORPORATE NAME |
| Corporate name or jurisdiction name as entry element |
საქართველოს ახალგაზრდა ეკონომისტთა ასოციაცია. |
| 9 (RLIN) |
26254 |
| 856 ## - ELECTRONIC LOCATION AND ACCESS |
| Uniform Resource Identifier |
https://dspace.nplg.gov.ge/bitstream/1234/177693/1/Saxelmwifo_Biujeti_Da_Misi_Monitoringis_Metodebi.pdf |
| Link text |
ელ. ვერსია |
| 942 ## - ADDED ENTRY ELEMENTS (KOHA) |
| Koha item type |
წიგნი |
| Source of classification or shelving scheme |
|